Historia de la literatura española. tomo 2 [valbuena prat] /
Guardado en:
| Autor Principal: | |
|---|---|
| Formato: | Libro |
| Publicado: |
Barcelona :
Gustavo Gili,
1937
|
| Materias: | |
| Etiquetas: |
Agregar Etiqueta
Sin Etiquetas, Sea el primero en etiquetar este registro!
|
| LEADER | 00516nam a22001575a 4500 | ||
|---|---|---|---|
| 001 | EHU.bham024271 | ||
| 003 | AR-BHAM | ||
| 005 | 20130507141610.0 | ||
| 008 | 130507s1937##################000#0#####d | ||
| 082 | 8 | 6 | |a 860.9 |
| 100 | 1 | |a Valbuena Prat, Angel | |
| 245 | 1 | 0 | |a Historia de la literatura española. tomo 2 [valbuena prat] / |c Angel Valbuena Prat |
| 260 | |a Barcelona : |b Gustavo Gili, |c 1937 | ||
| 505 | 0 | |a Los Siglos de Oro | |
| 653 | |a Donacion lejarraga | ||
| 859 | |a AR-BHAM |b BIB. HUMANIDADES - General |h 860.9 |i V231 |p 5.02 |t Ej.1 |v II |3 II | ||
